| Tag |
First Indicator |
Second Indicator |
Subfields |
| LEADER |
00000cam a2200000 4500 |
| 001 |
in00000084573 |
| 005 |
20151008053151.0 |
| 008 |
760416s1962 dcu 00000 eng |
| 010 |
|
|
|a 62020975
|
| 035 |
|
|
|a (OCoLC)02117533
|
| 035 |
|
|
|9 AAH6492AM
|
| 040 |
|
|
|a DLC
|c TOL
|d TXA
|d UtOrBLW
|
| 049 |
|
|
|a TXAM
|c [350871]
|
| 050 |
0 |
0 |
|a LB3051
|b .N3
|
| 092 |
|
|
|a 371.26
|b N277t,1962
|
| 110 |
2 |
|
|a National Education Association of the United States.
|b Council on Instruction.
|
| 245 |
1 |
0 |
|a Toward better evaluation of learning :
|b a brief guide for teachers and administrators and others concerned with testing and evaluation in our schools.
|
| 264 |
|
1 |
|a Washington,
|b [publisher not identified] ;
|c 1962.
|
| 300 |
|
|
|a 36 pages ;
|c 22 cm.
|
| 336 |
|
|
|a text
|b txt
|2 rdacontent
|
| 337 |
|
|
|a unmediated
|b n
|2 rdamedia
|
| 338 |
|
|
|a volume
|b nc
|2 rdacarrier
|
| 650 |
|
0 |
|a Educational tests and measurements.
|
| 999 |
|
|
|a MARS
|
| 999 |
f |
f |
|s a31c199c-bc28-3689-9af7-ba0faa56858e
|i 156e6708-4936-3a40-adba-5f7b915be656
|t 0
|
| 952 |
f |
f |
|p normal
|a Texas A&M University
|b College Station
|c Sterling C. Evans Library
|d Evans: Library Stacks
|t 0
|e LB3051 .N3
|h Library of Congress classification
|i unmediated -- volume
|m A14800833256
|
| 998 |
f |
f |
|a LB3051 .N3
|t 0
|l Evans: Library Stacks
|